000 00358 a2200157 4500
001 50534
020 _a858884415X
040 _cAnchieta - Bela Vista
100 _aZotz, Werner
240 1 0 _aGarnisé gabola acabou gabiru
_lpor
245 1 0 _aGarnisé gabola acabou gabiru
300 _a34
362 0 _a2005
650 4 _aLiteratura juvenil
942 _cBK
999 _c50534
_d50534